[Event "RUS-ch blitz"]
[Site "Sochi"]
[Date "2019.10.17"]
[Round "5"]
[White "Smagin, Sergey"]
[Black "Lysyj, Igor"]
[Result "1/2-1/2"]
[WhiteElo "2551"]
[BlackElo "2596"]
[PlyCount "54"]
[EventDate "2019.10.17"]
[EventType "swiss (blitz)"]
[EventRounds "15"]
[EventCountry "RUS"]
[SourceTitle "CBM 192 Extra"]
[Source "Chessbase"]
[SourceDate "2019.11.06"]
[SourceVersion "1"]
[SourceVersionDate "2019.11.06"]
[SourceQuality "1"]

1. e4 e5 2. Nc3 Nf6 3. Nf3 Nc6 4. Bb5 Nd4 5. Bc4 Bc5 6. 0-0 d6 7. h3 a6 8. a4 0-0 9. d3 h6 10. Nxd4 Bxd4 11. Ne2 Ba7 12. Ng3 c6 13. Qe2 d5 14. Bb3 Re8 15. Be3 Bxe3 16. fxe3 Be6 17. exd5 cxd5 18. Nf5 Nh7 19. Rf2 Nf8 20. Raf1 Ng6 21. Qe1 Qd7 22. a5 Rad8 23. Qb4 Qc7 24. Ba4 Rf8 25. Bb3 Rfe8 26. Ba4 Rf8 27. Bb3 Rfe8 1/2-1/2

[Event "RUS-ch blitz"]
[Site "Sochi"]
[Date "2019.10.17"]
[Round "6"]
[White "Smagin, Sergey"]
[Black "Zakhartsov, Vladimir"]
[Result "0-1"]
[WhiteElo "2551"]
[BlackElo "2514"]
[PlyCount "92"]
[EventDate "2019.10.17"]
[EventType "swiss (blitz)"]
[EventRounds "15"]
[EventCountry "RUS"]
[SourceTitle "CBM 192 Extra"]
[Source "Chessbase"]
[SourceDate "2019.11.06"]
[SourceVersion "1"]
[SourceVersionDate "2019.11.06"]
[SourceQuality "1"]

1. e4 c5 2. c3 Nf6 3. e5 Nd5 4. Nf3 e6 5. Na3 d6 6. exd6 Bxd6 7. d4 cxd4 8. Qxd4 0-0 9. Nc4 Nc6 10. Qe4 Nf6 11. Qc2 Bc7 12. a4 e5 13. Bg5 e4 14. Rd1 Qe7 15. Nfd2 Bf5 16. Ne3 Qe5 17. Ndc4 Qe6 18. Bxf6 Qxf6 19. Nd5 Qd8 20. Nce3 Bg6 21. Nb6 Bxb6 22. Rxd8 Raxd8 23. Be2 f5 24. Nc4 Bc5 25. Qb3 Rf7 26. Qb5 Bf8 27. 0-0 a6 28. Qb6 Rfd7 29. h4 Bf7 30. Qe3 g6 31. b4 Ne7 32. Nb6 Nd5 33. Nxd5 Bxd5 34. Rd1 Bf7 35. Rxd7 Rxd7 36. g3 Bg7 37. Qc5 Bf8 38. Qc8 Re7 39. Bc4 Kg7 40. Bxf7 Rxf7 41. Qe6 Re7 42. Qd5 h6 43. c4 Rf7 44. c5 g5 45. h5 Rf6 46. b5 axb5 0-1

[Event "RUS-ch rapid"]
[Site "Sochi"]
[Date "2019.10.15"]
[Round "3"]
[White "Gabitov, Ruslan"]
[Black "Smagin, Sergey"]
[Result "1/2-1/2"]
[WhiteElo "2172"]
[BlackElo "2551"]
[PlyCount "37"]
[EventDate "2019.10.15"]
[EventType "swiss"]
[EventRounds "11"]
[EventCountry "RUS"]
[SourceTitle "CBM 192 Extra"]
[Source "Chessbase"]
[SourceDate "2019.11.06"]
[SourceVersion "1"]
[SourceVersionDate "2019.11.06"]
[SourceQuality "1"]

1. e4 d5 2. Nc3 d4 3. Nce2 c5 4. Ng3 Nc6 5. Bc4 Nf6 6. f4 e5 7. d3 Bd6 8. N1e2 0-0 9. a3 Be6 10. Bxe6 fxe6 11. 0-0 exf4 12. Nxf4 Qe7 13. Bd2 Rf7 14. Qe2 Ne5 15. Nfh5 Raf8 16. Bg5 Kh8 17. Bh4 Ng6 18. Bg5 Qc7 19. Nxg7 1/2-1/2

[Event "RUS-ch rapid"]
[Site "Sochi"]
[Date "2019.10.15"]
[Round "4"]
[White "Smagin, Sergey"]
[Black "Tsydypov, Zhamsaran"]
[Result "1/2-1/2"]
[WhiteElo "2551"]
[BlackElo "2671"]
[PlyCount "83"]
[EventDate "2019.10.15"]
[EventType "swiss"]
[EventRounds "11"]
[EventCountry "RUS"]
[SourceTitle "CBM 192 Extra"]
[Source "Chessbase"]
[SourceDate "2019.11.06"]
[SourceVersion "1"]
[SourceVersionDate "2019.11.06"]
[SourceQuality "1"]

1. e4 c5 2. c3 g6 3. d4 Bg7 4. dxc5 Nf6 5. e5 Ng8 6. Nf3 Qc7 7. Qd5 Nc6 8. Bf4 b6 9. Na3 Bb7 10. cxb6 axb6 11. Nb5 Qc8 12. Qd2 Nd8 13. Nfd4 Kf8 14. h4 f6 15. exf6 Nxf6 16. Bh6 Nf7 17. Bxg7+ Kxg7 18. h5 e5 19. h6+ Kf8 20. Nb3 d5 21. c4 d4 22. Qb4+ Kg8 23. Qe7 Qc6 24. 0-0-0 Re8 25. Qc7 Ne4 26. Bd3 Qxc7 27. Nxc7 Rc8 28. Bxe4 Bxe4 29. Nd2 Bxg2 30. Rh2 Rxc7 31. Rxg2 Nxh6 32. Re1 Nf7 33. b3 Kg7 34. f4 exf4 35. Rf1 Ne5 36. Kc2 Rf8 37. Nf3 Nxf3 38. Rxf3 Re7 39. a4 Re3 40. Rff2 f3 41. Rg4 Rd8 42. Rf4 1/2-1/2

[Event "RUS-ch rapid"]
[Site "Sochi"]
[Date "2018.10.06"]
[Round "7.25"]
[White "Smagin, Sergey"]
[Black "Vastrukhin, Oleg"]
[Result "0-1"]
[WhiteElo "2551"]
[BlackElo "2413"]
[PlyCount "66"]
[EventDate "2018.10.05"]
[EventType "swiss (rapid)"]
[EventRounds "11"]
[EventCountry "RUS"]
[SourceTitle "CBM 186 Extra"]
[Source "ChessBase"]
[SourceDate "2018.08.24"]
[SourceVersion "1"]
[SourceVersionDate "2018.08.24"]
[SourceQuality "1"]

1. e4 g6 2. d4 Bg7 3. c3 c6 4. f4 d5 5. e5 Nh6 6. Nd2 f6 7. Ngf3 0-0 8. Bd3 Bf5 9. Be2 fxe5 10. fxe5 c5 11. Nb3 cxd4 12. cxd4 Nc6 13. 0-0 Rc8 14. Kh1 Nb4 15. Ne1 Be4 16. Bxh6 Bxh6 17. Nc5 Rxf1+ 18. Bxf1 Qf8 19. Be2 Rxc5 20. dxc5 Qf2 21. Nf3 Nc2 22. Qf1 Qxc5 23. Rd1 Qb6 24. Qg1 Be3 25. Qf1 Bf4 26. Qg1 Ne3 27. Rc1 Qxb2 28. Rc8+ Kg7 29. Qe1 Bxe5 30. Bf1 Nxf1 31. Qxf1 Bxf3 32. Re8 Bd6 33. Qd1 Qc3 0-1

[Event "RUS-ch rapid"]
[Site "Sochi"]
[Date "2018.10.06"]
[Round "10.21"]
[White "Yuffa, Daniil"]
[Black "Smagin, Sergey"]
[Result "1/2-1/2"]
[WhiteElo "2563"]
[BlackElo "2551"]
[PlyCount "139"]
[EventDate "2018.10.05"]
[EventType "swiss (rapid)"]
[EventRounds "11"]
[EventCountry "RUS"]
[SourceTitle "CBM 186 Extra"]
[Source "ChessBase"]
[SourceDate "2018.08.24"]
[SourceVersion "1"]
[SourceVersionDate "2018.08.24"]
[SourceQuality "1"]

1. d4 d5 2. c4 e6 3. Nf3 Nd7 4. Nc3 Ngf6 5. Bg5 c6 6. e3 Qa5 7. Nd2 Bb4 8. Rc1 Ne4 9. Ndxe4 dxe4 10. Bf4 Qxa2 11. Qc2 e5 12. dxe5 Nc5 13. Be2 Na4 14. 0-0 Nxc3 15. bxc3 Qxc2 16. Rxc2 Bc5 17. Ra1 Be6 18. Rb2 0-0-0 19. Kf1 h6 20. h4 Rd7 21. h5 g5 22. hxg6 fxg6 23. Ra5 Be7 24. Rxa7 Kb8 25. Ra5 h5 26. c5 Rhd8 27. Ke1 Rd5 28. Rb4 Rxc5 29. Rxc5 Bxc5 30. Rxe4 Re8 31. Bh2 b5 32. Rf4 Be7 33. Bd3 Rg8 34. Bc2 Kb7 35. Rd4 Kb6 36. Rd1 h4 37. f4 Bg4 38. Ra1 Bc5 39. Bg1 Bf5 40. Ra2 Rf8 41. Bxf5 Rxf5 42. Bh2 Bxe3 43. Re2 Bc5 44. Kd2 Kc7 45. Kd3 Rf8 46. Ke4 Ra8 47. e6 Bd6 48. Kf3 Kd8 49. Kg4 Ke7 50. Kg5 Rf8 51. Kxh4 Rh8+ 52. Kg3 g5 53. Bg1 gxf4+ 54. Kf3 Rh6 55. Re4 Rxe6 56. Bh2 Be5 57. c4 b4 58. c5 Bc3 59. Rc4 Re1 60. Bxf4 Ke6 61. Re4+ Rxe4 62. Kxe4 b3 63. Kd3 Bg7 64. g4 Kd5 65. Bd6 Bf6 66. Bf8 Ke6 67. Bh6 Bh8 68. Bd2 b2 69. Kc2 Kd5 70. Bb4 1/2-1/2

[Event "RUS-ch rapid"]
[Site "Sochi"]
[Date "2018.10.05"]
[Round "5.36"]
[White "Smagin, Sergey"]
[Black "Remizov, Yaroslav"]
[Result "1-0"]
[WhiteElo "2551"]
[BlackElo "2315"]
[PlyCount "329"]
[EventDate "2018.10.05"]
[EventType "swiss (rapid)"]
[EventRounds "11"]
[EventCountry "RUS"]
[SourceTitle "CBM 186 Extra"]
[Source "ChessBase"]
[SourceDate "2018.08.24"]
[SourceVersion "1"]
[SourceVersionDate "2018.08.24"]
[SourceQuality "1"]

1. e4 c5 2. c3 Nf6 3. e5 Nd5 4. Nf3 Nc6 5. Na3 d6 6. exd6 e6 7. Nc4 Bxd6 8. Nxd6+ Qxd6 9. d4 cxd4 10. Nxd4 Nxd4 11. Qxd4 0-0 12. c4 Qb6 13. Qxb6 Nxb6 14. Be3 Bd7 15. Be2 Bc6 16. f3 f6 17. b3 e5 18. Rd1 Rad8 19. Kf2 e4 20. fxe4 Bxe4 21. Bf3 Bxf3 22. Kxf3 Nd7 23. Bd4 Rfe8 24. Rhe1 Rxe1 25. Rxe1 Kf7 26. Re2 a6 27. g4 Nb8 28. Bc3 Nc6 29. h3 Nd4+ 30. Bxd4 Rxd4 31. Ke3 Rd1 32. Kf4 Rf1+ 33. Ke4 Ke6 34. Kd4+ Kd6 35. c5+ Kd7 36. Re3 f5 37. gxf5 Rxf5 38. b4 Rh5 39. a3 Kc6 40. Re6+ Kd7 41. Re3 Kc6 42. Rg3 g6 43. Rf3 Kd7 44. Rf7+ Kc6 45. Rf6+ Kd7 46. Rf3 Ke6 47. Re3+ Kd7 48. Kc4 Rh4+ 49. Kb3 g5 50. Ka4 h5 51. Ka5 Kc7 52. a4 g4 53. hxg4 Rxg4 54. Re7+ Kc6 55. Re6+ Kc7 56. Rh6 Rg5 57. Rh8 Rf5 58. Re8 Rg5 59. Re4 Rf5 60. Rc4 Rg5 61. Rf4 Re5 62. Rf7+ Kc6 63. Rh7 Rg5 64. b5+ axb5 65. axb5+ Kxc5 66. Rc7+ Kd4 67. Rxb7 Ke4 68. Ka6 Kf4 69. Rh7 Kg4 70. b6 h4 71. b7 Rg8 72. Rg7+ Rxg7 73. b8Q h3 74. Kb5 Rg5+ 75. Kc4 Kf3 76. Qh2 Rh5 77. Kd4 Rh8 78. Kd3 Rd8+ 79. Kc2 Rh8 80. Kd2 Kg4 81. Ke3 Re8+ 82. Kf2 Rf8+ 83. Kg1 Rf3 84. Qe2 Kg3 85. Qe1+ Kf4 86. Kh2 Re3 87. Qb4+ Ke5 88. Qc5+ Ke4 89. Qc4+ Ke5 90. Kg1 Rf3 91. Qg4 Rb3 92. Qc4 Rf3 93. Qc6 Kf4 94. Qd5 Re3 95. Kf2 h2 96. Qd6+ Ke4 97. Qxh2 Rf3+ 98. Kg2 Re3 99. Qd6 Rd3 100. Qc5 Rd2+ 101. Kf1 Kd3 102. Qb5+ Ke3 103. Ke1 Rd4 104. Qb3+ Kf4 105. Ke2 Re4+ 106. Kf2 Ke5 107. Qb8+ Kd4 108. Qb6+ Ke5 109. Qc5+ Kf4 110. Qd5 Re5 111. Qd4+ Kf5 112. Kf3 Ke6 113. Kf4 Rf5+ 114. Ke4 Rh5 115. Qb6+ Kf7 116. Kf4 Ke7 117. Qc7+ Ke6 118. Qc6+ Ke7 119. Qg6 Rc5 120. Ke4 Kd7 121. Kd4 Ra5 122. Qb6 Rg5 123. Ke4 Ke7 124. Kf4 Rh5 125. Qc6 Kf7 126. Qd7+ Kf6 127. Qd8+ Kf7 128. Kg4 Re5 129. Qd7+ Kf6 130. Qd6+ Re6 131. Qd4+ Kg6 132. Qd5 Kf6 133. Qf5+ Ke7 134. Kg5 Kd6 135. Qd3+ Kc5 136. Kf5 Rd6 137. Qc3+ Kd5 138. Qa5+ Kc4 139. Ke5 Rd3 140. Qa4+ Kc3 141. Ke4 Rd2 142. Qa3+ Kc2 143. Ke3 Rd1 144. Qa2+ Kc1 145. Qc4+ Kb2 146. Ke2 Rc1 147. Qb4+ Kc2 148. Qa4+ Kc3 149. Qa3+ Kc2 150. Qd3+ Kb2 151. Kd2 Rb1 152. Qa6 Kb3 153. Qa5 Rb2+ 154. Kd3 Rb1 155. Qb6+ Ka2 156. Qf2+ Ka3 157. Qc5+ Kb2 158. Qc3+ Ka2 159. Qc2+ Ka1 160. Qa4+ Kb2 161. Kd2 Rh1 162. Qb5+ Ka3 163. Qa6+ Kb3 164. Qb7+ Ka4 165. Qxh1 1-0